Provinces and Territories of Canada with an Empty Map - Statistics

General Stats
  • This quiz has been taken 14,515 times
  • The average score is 11 of 13
Answers on the Map
Answers color-coded by a green-red scale on the quiz's map according to % correct below.
 
Answer Stats
Answer % Correct
Quebec
95%
Ontario
92%
British Columbia
91%
Alberta
90%
Newfoundland and Labrador
87%
Yukon
86%
Saskatchewan
83%
Prince Edward Island
82%
Manitoba
81%
Northwest Territories
79%
Nova Scotia
79%
Nunavut
78%
New Brunswick
72%
No matching quizzes found
Score Distribution
Percent of People with Each Score
Percentile by Number Answered
Your Score History
You have not taken this quiz